000
00216nam a22000857a 4500
008
160713b xxu||||| |||| 00| 0 eng d
100
_9
2719
_a
Modi K
245
_a
Life A Celebration
260
_a
New Delhi
_b
Rachna Sagar
_c
2008
999
_c
2361
_d
2361